English Language Teaching and Linguistics (Record no. 4276)

MARC details
000 -LEADER
fixed length control field 00415nam a22001457a 4500
008 - FIXED-LENGTH DATA ELEMENTS--GENERAL INFORMATION
fixed length control field 250714b |||||||| |||| 00| 0 eng d
020 ## - INTERNATIONAL STANDARD BOOK NUMBER
ISBN 9789385876028
100 ## - MAIN ENTRY--AUTHOR
Author Christian Elizabeth P.
245 ## - TITLE STATEMENT
Title English Language Teaching and Linguistics
260 ## - PUBLICATION, DISTRIBUTION, ETC. (IMPRINT)
Place of publication New Delhi
Name of publisher A.P.H Publishing Corporation
Date of publication 2022
300 ## - COLLATION
Pagination xii, 170p.
Other physical details ill.
650 ## - TRACINGS
Main Subject English Language-Study
942 ## - ADDED ENTRY ELEMENTS (KOHA)
Item type Books
050 ## - LIBRARY OF CONGRESS CALL NUMBER
Classification number PE1066
Item number .C47
Holdings
Source of classification or shelving scheme Not for loan Permanent location Current location Date acquired Accession No. Full call number Barcode. Koha item type
Library of Congress Classification   Samuel Ogbemudia Main Library, University of Abuja Samuel Ogbemudia Main Library, University of Abuja 07/14/2025 2025/65017 PE1066.C47 2025-3030 Books